Radiographic Atlas of Skull and Brain Anatomy (Record no. 22816)

MARC details
000 -LEADER
fixed length control field 00368nam a22001697a 4500
003 - CONTROL NUMBER IDENTIFIER
control field SGT
020 ## - INTERNATIONAL STANDARD BOOK NUMBER
International Standard Book Number 9783540341901
082 ## - DEWEY DECIMAL CLASSIFICATION NUMBER
Classification number 611.8
Item number R05G
100 ## - MAIN ENTRY--PERSONAL NAME
Personal name Gallucci, Massimo
245 ## - TITLE STATEMENT
Title Radiographic Atlas of Skull and Brain Anatomy
250 ## - EDITION STATEMENT
Edition statement 1st
260 ## - PUBLICATION, DISTRIBUTION, ETC. (IMPRINT)
Name of publisher, distributor, etc Springer
Year of Publication 2005
300 ## - PAGE DESCRIPTION
No. of Pages 362
650 ## - SUBJECT ADDED ENTRY--TOPICAL TERM
Topical term or geographic name as entry element Anatomy
653 ## - KEYWORDS--INDEX TERM
Keyword term Anatomy
942 ## - ADDED ENTRY ELEMENTS (KOHA)
Source of classification or shelving scheme Dewey Decimal Classification
Koha item type Books
Holdings
Withdrawn status Lost status Source of classification or shelving scheme Damaged status Not for loan Home library Current library Date acquired Vendor Name Cost, normal purchase price SGTU Bill Number Full call number Accession No. (Barcode) Date last seen Bill Date Koha item type
    Dewey Decimal Classification   Not For Loan SGT Dental Library SGT Dental Library 10/06/2022 Ahuja Book Co. Pvt. Ltd. 15948.00 SGTU 14353 611.8 R05G FD8876 10/06/2022 16/04/2022 Books